Представление документа в формате RUSMARC

ПолеНазваниеЗначение
  Тип записи i
  Библиографический уровень m
001 Контрольный номер RU/IS/BASE/357731589
005 Дата корректировки 20201206204803.8
010 Индекс ISBN __
d Цена 347-00
101 Язык документа __
a Язык текста rus
200 Заглавие и сведения об ответственности 1_
a Заглавие Убить пересмешника
e Сведения, относящиеся к заглавию [радиоспектакль ГТРФ]
f Первые сведения об ответственности Ли Харпер ; в ролях: Елена Миллиоти [и др.] ; [композитор Эдуард Артемьев]
b Общее обозначение материала Звукозапись
210 Выходные данные __
a Место издания М.
c Издательство Звуковая кн.
c Издательство Аудитория
c Издательство Козлова Любовь Николаевна
d Дата издания 2009
215 Физическое описание __
a Объем 1 электрон. опт. диск (Audio CD) (1 ч. 47 мин.)
225 Серия __
a Серия Коллекция радиоспектаклей Гостелерадиофонда
v Обозначение тома диск № 5
300 Общие примечания __
a Общие примечания mp3 ; 192 кбит/с 44 кГц. - Из архива Гостелерадиофонда. - Запись 1965 г.
323 Примечание о главных создателях, исполнителях, участниках __
a Примечание о главных создателях, исполнителях, участниках Куликов, Г. (Аттикус Финч, адвокат)
a Примечание о главных создателях, исполнителях, участниках Миллиоти, Е. (Луиза, его дети)
a Примечание о главных создателях, исполнителях, участниках Табаков, О. (Джим)
a Примечание о главных создателях, исполнителях, участниках Георгиевская, А. (Кэпурния)
a Примечание о главных создателях, исполнителях, участниках Захарова, Б. (Дилл)
a Примечание о главных создателях, исполнителях, участниках Попова, В. (Мисс Моди)
a Примечание о главных создателях, исполнителях, участниках Иванова, Л. (Мисс Кэролайн)
a Примечание о главных создателях, исполнителях, участниках Кторов, А. (Шериф)
a Примечание о главных создателях, исполнителях, участниках Фролов, Г. (Боб Юэл)
a Примечание о главных создателях, исполнителях, участниках Соколова, Г. (Мэйелла Юэл)
a Примечание о главных создателях, исполнителях, участниках Лекарев, В. (Канингем)
a Примечание о главных создателях, исполнителях, участниках Аржанов, П. (Прокурор)
a Примечание о главных создателях, исполнителях, участниках Постников, М. (Судья)
a Примечание о главных создателях, исполнителях, участниках Охлупин, И. (Том Робинсон)
a Примечание о главных создателях, исполнителях, участниках Добржанская, Л. (Луиза (взрослая) Фин)
330 Аннотация __
a Аннотация Американской писательнице, обладательнице Пулитцеровской премии, Харпер Ли в ее знаменитом романе удалось удивительно точно изобразить мир взрослых глазами ребенка, словно нанизав приметы места и времени на ниточку переживаний маленькой девочки. А спектакль преумножил магию книги, потому что его хочется переслушивать снова и снова.
606 Тематические рубрики __
a Основная рубрика Музыка и зрелищные искусства
606 Тематические рубрики __
a Основная рубрика Художественное радиовещание
610 Ключевые слова __
a Ключевые слова спектакли; радиоспектакли; аудиопостановки; радиопостановки; тема детей; тема взросления; тема взаимоотношений; тема семьи
686 Индексы других классификаций __
a Классификационный индекс 85.38я04
700 Автор _1
a Фамилия Ли
b Имя Х.
g Полное личное имя Харпер
4 Код отношения 070
702 Вторичная интеллектуальная ответственность _1
a Фамилия Артемьев
b Имя Э.
4 Код отношения Композитор
4 Код отношения 230
702 Вторичная интеллектуальная ответственность _1
a Фамилия Махаев
b Имя Ю.
4 Код отношения Постановка
4 Код отношения 570
702 Вторичная интеллектуальная ответственность _1
a Фамилия Волчек
b Имя Г.
4 Код отношения Режиссер-постановщик
4 Код отношения 070
801 Источник записи _0
a Страна RU
b Организация Муниципальное бюджетное учреждение культуры "Централизованная библиотечная система" г. Сургут (Центральная городская библиотека им. А. С. Пушкина)
g Правила каталогизации КиК/Поспелова
801 Источник записи _1
a Страна RU
b Организация Муниципальное бюджетное учреждение культуры "Централизованная библиотечная система" г. Сургут (Центральная городская библиотека им. А. С. Пушкина)
g Правила каталогизации КиК/Поспелова
852 Данные о местонахождении __
j Шифр хранения 85.38я04
i Авторский знак Л 55
901 Тип документа __
t Тип документа 0
903 Характеристики (МАРС) __
a Дата передачи 20110503
969 Тип издания __
a Тип издания аудиоспектакль
990 Данные о заказе (DOS) __
j Количество экземпляров (DOS) 1
h N записи в КСУ для Б/У (DOS) 201106